Redefining Gujarat's irrigation potential : a model (Record no. 24965)

000 -LEADER
fixed length control field 00427pab a2200145 454500
008 - FIXED-LENGTH DATA ELEMENTS--GENERAL INFORMATION
fixed length control field 180718b xxu||||| |||| 00| 0 eng d
100 ## - MAIN ENTRY--PERSONAL NAME
Personal name Parlikh Dilip H.
245 ## - TITLE STATEMENT
Title Redefining Gujarat's irrigation potential : a model
362 ## - DATES OF PUBLICATION AND/OR SEQUENTIAL DESIGNATION
Dates of publication and/or sequential designation 28(26) 26 Jun 93, p.A45-47
650 ## - SUBJECT ADDED ENTRY--TOPICAL TERM
Topical term or geographic name entry element Irrigation -- India -- Gujarat
700 ## - ADDED ENTRY--PERSONAL NAME
Personal name Alagh Yoginder K.
700 ## - ADDED ENTRY--PERSONAL NAME
Personal name Vora Amrish J.
773 ## - HOST ITEM ENTRY
Main entry heading Economic and Political Weekly
909 ## -
-- 24965
Holdings
Withdrawn status Lost status Damaged status Not for loan Permanent Location Current Location Date acquired Barcode Date last seen Price effective from Koha item type
        Indian Institute of Public Administration Indian Institute of Public Administration 2018-07-19 AR25037 2018-07-19 2018-07-19 Articles

Powered by Koha